[Event "Augsburg op"]
[Site "Augsburg"]
[Date "2013.12.29"]
[Round "5"]
[White "Groeger, Michael"]
[Black "Vaclahovsky, Gerhard"]
[Result "1/2-1/2"]
[WhiteElo "1402"]
[BlackElo "1712"]
[PlyCount "109"]
[EventDate "2013.12.27"]
[EventType "swiss"]
[EventRounds "7"]
[EventCountry "GER"]
[SourceTitle "CBM 158 Extra"]
[Source "ChessBase"]
[SourceDate "2014.02.28"]
[SourceVersion "1"]
[SourceVersionDate "2014.02.28"]
[SourceQuality "1"]

1. e4 d5 2. exd5 Nf6 3. Nf3 g6 4. g3 Nxd5 5. Bg2 Bg7 6. 0-0 0-0 7. c3 c6 8. d4 Nd7 9. Re1 e6 10. Nbd2 c5 11. Nb3 c4 12. Nbd2 b5 13. a3 N7b6 14. Ne4 Na4 15. Qc2 a6 16. h3 Bb7 17. Nh2 Qd7 18. Rb1 Rac8 19. Be3 e5 20. dxe5 Nxe3 21. Rxe3 Bxe5 22. Ng4 Bxe4 23. Rxe4 Bg7 24. Rd1 Qf5 25. Ne3 Qc5 26. Nd5 Kh8 27. Rh4 Rfe8 28. Qd2 Kg8 29. Rf4 Rcd8 30. Qc2 Kf8 31. Kh2 Re5 32. Rfd4 Rde8 33. Ne3 Rxe3 34. fxe3 Bxd4 35. exd4 Qe7 36. Qf2 Qe2 37. Rd2 Qxf2 38. Rxf2 Re1 39. Bb7 Rb1 40. Bxa6 Rxb2 41. Rxb2 Nxb2 42. Bxb5 Nd1 43. Bxc4 Nxc3 44. Kg2 Ke7 45. Kf3 Nb1 46. Ke3 Nxa3 47. Bd3 Kd6 48. Ke4 f5+ 49. Ke3 Kd5 50. g4 fxg4 51. hxg4 Ke6 52. Be4 Nc4+ 53. Kd3 Nd6 54. Ke3 Kf6 55. Kf4 1/2-1/2

[Event "Augsburg op"]
[Site "Augsburg"]
[Date "2013.12.28"]
[Round "3"]
[White "Groeger, Michael"]
[Black "Rudolph, Max"]
[Result "0-1"]
[WhiteElo "1402"]
[BlackElo "1599"]
[PlyCount "76"]
[EventDate "2013.12.27"]
[EventType "swiss"]
[EventRounds "7"]
[EventCountry "GER"]
[SourceTitle "CBM 158 Extra"]
[Source "ChessBase"]
[SourceDate "2014.02.28"]
[SourceVersion "1"]
[SourceVersionDate "2014.02.28"]
[SourceQuality "1"]

1. e4 d5 2. exd5 Qxd5 3. Nc3 Qd6 4. Nf3 Nf6 5. d4 a6 6. Be2 Bf5 7. 0-0 e6 8. Re1 Be7 9. Ne5 Nc6 10. Nxc6 Qxc6 11. Bf3 Qb6 12. b3 Bb4 13. Na4 Qa5 14. Re5 c5 15. Nxc5 Bxc5 16. Rxc5 Qb6 17. Qe2 0-0 18. Be3 Rac8 19. Qc4 Rxc5 20. dxc5 Qc7 21. Rc1 Rd8 22. Qb4 Nd5 23. Bxd5 Rxd5 24. c4 Rd3 25. Qa4 Qd8 26. b4 h6 27. h3 Be4 28. b5 axb5 29. cxb5 Qd5 30. g3 Bf5 31. c6 Bxh3 32. f3 Qxf3 33. Qc2 Qxg3+ 34. Kh1 Qf3+ 35. Kh2 bxc6 36. bxc6 Qxe3 37. Rd1 Qg3+ 38. Kh1 Rxd1+ 0-1

[Event "Stuttgart-chB int"]
[Site "Ditzingen"]
[Date "2012.05.18"]
[Round "4"]
[White "Groeger, Michael"]
[Black "Blum, Michael"]
[Result "1-0"]
[WhiteElo "1635"]
[BlackElo "1576"]
[PlyCount "85"]
[EventDate "2012.05.17"]
[EventType "swiss"]
[EventRounds "7"]
[EventCountry "GER"]
[SourceTitle "EXT 2018"]
[Source "ChessBase"]
[SourceDate "2017.10.13"]
[SourceVersion "1"]
[SourceVersionDate "2017.10.13"]
[SourceQuality "1"]

1. e4 c5 2. Nf3 d6 3. d4 cxd4 4. Nxd4 Nf6 5. Nc3 a6 6. Bc4 e6 7. 0-0 Be7 8. Be3 0-0 9. a3 Qc7 10. Bb3 Nbd7 11. Bxe6 Nc5 12. Bd5 Nxd5 13. Nxd5 Qd8 14. f3 Bg5 15. Bf2 Bd7 16. b4 Ne6 17. Nf5 Bc6 18. Nb6 Rb8 19. Nxd6 Bf6 20. Ra2 Be5 21. Nbc4 Bf4 22. Bg3 Bxg3 23. hxg3 Qg5 24. Qe1 Rbd8 25. f4 Qe7 26. e5 Qc7 27. Qd1 f6 28. Qg4 Nd4 29. Rd1 f5 30. Qh4 Ne2+ 31. Kh2 Nc3 32. Raa1 Nxd1 33. Rxd1 Ba4 34. Ne3 Bxc2 35. Rc1 Qc3 36. Rxc2 Qxe3 37. Rc7 Rxd6 38. exd6 h6 39. d7 g5 40. Qxh6 gxf4 41. Qxf4 Qe7 42. Qc4+ Kg7 43. d8Q 1-0

[Event "Stuttgart-chB int"]
[Site "Ditzingen"]
[Date "2012.05.17"]
[Round "1"]
[White "Baumeister, Juergen"]
[Black "Groeger, Michael"]
[Result "1-0"]
[WhiteElo "1850"]
[BlackElo "1635"]
[PlyCount "59"]
[EventDate "2012.05.17"]
[EventType "swiss"]
[EventRounds "7"]
[EventCountry "GER"]
[SourceTitle "EXT 2018"]
[Source "ChessBase"]
[SourceDate "2017.10.13"]
[SourceVersion "1"]
[SourceVersionDate "2017.10.13"]
[SourceQuality "1"]

1. d4 Nf6 2. c4 d6 3. Nc3 g6 4. e4 Bg7 5. Be2 0-0 6. Bg5 c5 7. d5 Nbd7 8. Qd2 a6 9. a4 Qc7 10. h4 Ne5 11. Ra3 e6 12. h5 exd5 13. Bxf6 Bxf6 14. Nxd5 Qd8 15. Rg3 Bh4 16. Qh6 Ng4 17. Rxg4 Bxg4 18. hxg6 fxg6 19. Rxh4 Bh5 20. g3 Rf7 21. Bxh5 gxh5 22. Rxh5 b5 23. Nh3 Raa7 24. Ng5 Rg7 25. Ne6 Qa5+ 26. b4 Qxa4 27. Rf5 Qa1+ 28. Ke2 Qb2+ 29. Kf3 Rgf7 30. Qf8+ 1-0

[Event "Wuertemberg-ch U18"]
[Site "Germany"]
[Date "2004.04.15"]
[Round "4"]
[White "Groeger, Michael"]
[Black "Haag, Patrick"]
[Result "1-0"]
[WhiteElo "1721"]
[BlackElo "1433"]
[PlyCount "69"]
[EventDate "2004.04.??"]
[EventType "swiss"]
[EventRounds "7"]
[EventCountry "GER"]
[SourceTitle "EXT 2005"]
[Source "ChessBase"]
[SourceDate "2004.11.15"]
[SourceVersion "1"]
[SourceVersionDate "2004.11.15"]
[SourceQuality "1"]

1. e4 e6 2. Nc3 d5 3. exd5 exd5 4. d4 Be6 5. Bf4 c6 6. Bd3 Nf6 7. Nge2 Be7 8. 0-0 0-0 9. Qd2 Nbd7 10. Nd1 b6 11. Ne3 Nh5 12. c3 Nxf4 13. Nxf4 Bd6 14. Nxe6 fxe6 15. Rae1 Qg5 16. Qc2 Qh5 17. h3 Nf6 18. Qe2 Qxe2 19. Rxe2 Rae8 20. Rfe1 e5 21. Nf5 Bb8 22. dxe5 Nd7 23. Bc2 g6 24. Nd4 Rxe5 25. Nxc6 Rxe2 26. Rxe2 Kf7 27. Bb3 Nf6 28. Re7+ Kg8 29. Rb7 Bf4 30. Ne7+ Kh8 31. Nxd5 Nxd5 32. Bxd5 Rd8 33. c4 a5 34. Rxb6 a4 35. Ra6 1-0

[Event "Wuerttemberg-ch U18"]
[Site "Stuttgart"]
[Date "2003.04.22"]
[Round "1"]
[White "Kartin, Ferhat"]
[Black "Groeger, Michael"]
[Result "1-0"]
[WhiteElo "1874"]
[BlackElo "1562"]
[PlyCount "33"]
[EventDate "2003.04.??"]
[EventType "swiss"]
[EventRounds "7"]
[EventCountry "GER"]
[SourceTitle "EXT 2005"]
[Source "ChessBase"]
[SourceDate "2004.11.15"]
[SourceVersion "1"]
[SourceVersionDate "2004.11.15"]
[SourceQuality "1"]

1. e4 d6 2. d4 Nf6 3. Nc3 Nbd7 4. Nf3 g6 5. Bc4 Bg7 6. Bxf7+ Kf8 7. Ng5 Nb6 8. Ne6+ Bxe6 9. Bxe6 c6 10. Qf3 Nbd7 11. Bf4 c5 12. e5 cxd4 13. exf6 Bxf6 14. Ne4 Ne5 15. Bxe5 dxe5 16. Nxf6 exf6 17. Qxb7 1-0